000 00430nam a2200181Ia 4500
005 20230626095637.0
008 131103s9999 xx 000 0 und d
040 _aLoreto College
041 _aEnglish
082 _aF
_bBOW
100 _aBowen,Marjorie
245 _aEugenie
_cMarjorie Bowen
260 _aLondon
_bFontana Books
_c1972
300 _a256 p.
650 _aFiction in English
850 _aLCLIB
942 _cBK
999 _c16343
_d66822